• 首页
  • 本馆介绍
  • 公告通知
  • 最新文献
  • 馆藏检索
  • 电子资源
  • 读者导购
  • 参考咨询
  • 我的图书馆
  • 登录
  • 详细信息显示
  • 放入我的书架
  • 预约/预借图书
  • 作者相关作品
  • 分类相关作品
  • 丛书相关作品
  • 出版社相关作品

书目信息

  • 表格格式
  • 工作单格式
  • 卡片格式
题名:
对联集锦
    
 
作者: ;山西人民出版社 编
分册:  
出版信息: 太原   山西人民出版社  1981
页数: 246页
开本: 19cm
丛书名:
单 册:
中图分类: I269.7 , I269
科图分类:
主题词: 对联--中国--现代--汇编
电子资源:
ISBN:
000 00612nam0 2200229 45
001 1530300175
005 20150128082521.21
010    @dCNY0.70
091    @aCN@b9088.43
100    @a19950626d1981 em y0chiy0121 ea
101 0  @achi
102    @aCN@b140000
105    @ay z 000zy
200 10 @a对联集锦@Adui lian ji jin@f山西人民出版社编
210    @a太原@c山西人民出版社@d1981
215    @a246页@d19cm
606    @a对联@y中国@z现代@x汇编
690    @aI269.7@v3
690    @aI269@v4
711 02 @a山西人民出版社@Ashan xi ren min chu ban she@4编
801  0 @aCN@bTSSF@c20150128
905    @aZUCC@dI269@eJY2
    
    对联集锦/山西人民出版社编.-太原:山西人民出版社,1981
    246页;19cm
    
    
    ISBN :CNY0.70
    
●
相关链接 在E读中查询图书 在五车中查询图书 在当当中查询图书 在豆瓣中查询图书


正题名:对联集锦     索取号:I269/JY2         预约/预借

序号 登录号 条形码 馆藏地/架位号 状态 备注
1 7855682   278556821   学院路分馆/ [索取号:I269/JY2] 在馆    
2 7855683   278556830   学院路分馆/ [索取号:I269/JY2] 在馆    
唐山师范学院图书馆 欢迎您!
大连网信软件有限公司© 版权所有